000 01094nam a2200301 a 4500
001 BRCA_3916
005 20190320204455.0
008 100110s1934----mx-a######---#000-0#spa-#
041 _aspa
044 _amx
050 4 _aNA5257.H8
_b.G37 1 1934
100 1 _aGarcía Granados, Rafael.
_910174
245 1 0 _aHuejotzingo
_bla ciudad y el convento franciscano
_cRafael García Granados y Luis MacGregor.
260 _aMéxico
_bTalleres Gráficos de la Nación
_c1934
300 _a375 p.
_bil.
_c23 cm.
440 0 _aSecretaría de Educación Pública Monografías históricas mexicanas
_910175
500 _aIncluye índice alfabético: p. 359-366 e índice de ilustraciones p. 367-375.
500 _aEjemplar igual a CFG53
500 _aC65
504 _aBibliografía: p. 353-357.
650 1 4 _aSan Francisco (Convento : Huejotzingo, Puebla)
_910176
650 1 4 _aArquitectura religiosa
_eMéxico
_94011
650 1 4 _aConventos y monasterios
_eMéxico
_910020
651 4 _aHuejotzingo,
_vPuebla
_910177
700 1 _aMcGregor Luis
_ecoaut.
_910178
902 _aGFM
942 _2lcc
_cB
999 _c3643
_d3643